[Event "II Festival A"]
[Site "Virgilio ITA"]
[Date "2012.01.08"]
[Round "9"]
[White "Basso, Pier Luigi"]
[Black "Negro, Roberto"]
[WhiteElo "2163"]
[BlackElo "2212"]
[Result "0-1"]
[PlyCount "106"]
[EventDate "2012.01.02"]

1. e4 g6 2. d4 Bg7 3. Nf3 d6 4. h3 Nf6 5. Nc3 O-O 6. g3 c6 7. Bg2 Qc7 8. O-O e5
9. Be3 b6 10. Re1 Re8 11. Qd2 Bb7 12. Rad1 Qe7 13. g4 Na6 14. Nh2 Rad8 15. Nf1
Nd7 16. d5 cxd5 17. Nxd5 Bxd5 18. Qxd5 Ndc5 19. Ng3 Nc7 20. Qd2 N5e6 21. c3 Qf6
22. Ne2 Kh8 23. f4 exf4 24. Nxf4 Nxf4 25. Bxf4 Qe6 26. e5 Bxe5 27. Bxe5+ dxe5
28. Qxd8 Rxd8 29. Rxd8+ Kg7 30. Red1 Qxa2 31. R8d7 Qa4 32. R1d6 Ne6 33. Re7 Kf6
34. Rdd7 Kg5 35. Rxf7 Qa1+ 36. Kh2 Qe1 37. Rfe7 Nf4 38. Rd4 Qe2 39. Rxf4 Kxf4
40. Rf7+ Ke3 41. Kg1 e4 42. Rxh7 Qf2+ 43. Kh2 Qxb2 44. Rxa7 Qxc3 45. Re7 Kf2
46. Rf7+ Ke2 47. Kg1 Qd4+ 48. Kh1 e3 49. Ra7 Kf2 50. Rf7+ Ke1 51. Re7 Kd2 52.
Bf3 b5 53. Re4 Qxe4 0-1

[Event "II Festival A"]
[Site "Virgilio ITA"]
[Date "2012.01.08"]
[Round "9"]
[White "Ceschia, Ivano"]
[Black "Xia, Jie"]
[WhiteElo "2319"]
[BlackElo "2269"]
[Result "0-1"]
[PlyCount "112"]
[EventDate "2012.01.02"]

1. e4 c5 2. Nf3 g6 3. c4 Nc6 4. d4 cxd4 5. Nxd4 Nf6 6. Nc3 Nxd4 7. Qxd4 d6 8.
Be2 Bg7 9. Bg5 O-O 10. Qd2 Bd7 11. O-O Bc6 12. f3 a5 13. Kh1 a4 14. Rac1 Re8
15. Rc2 Nd7 16. Nd5 Nc5 17. Rb1 Bxd5 18. cxd5 Qa5 19. Qc1 b5 20. Be3 Na6 21.
Rc6 Reb8 22. b4 axb3 23. axb3 h5 24. b4 Nxb4 25. Bd2 Na2 26. Bxa5 Nxc1 27.
Rcxc1 Rxa5 28. Rb4 Bc3 29. Rb3 b4 30. g4 Rba8 31. gxh5 g5 32. Rg1 Ra1 33. Rxa1
Rxa1+ 34. Kg2 Kh7 35. f4 Ra2 36. Kf3 gxf4 37. h3 Ra3 38. Bc4 Be5 39. Kg4 Ra1
40. Rxb4 Rg1+ 41. Kf3 Rg3+ 42. Ke2 Rxh3 43. Bd3 Rxh5 44. Rb7 Kg7 45. Rxe7 Rh2+
46. Kf3 Rh3+ 47. Ke2 Kf6 48. Rb7 Bd4 49. Kd2 Rh2+ 50. Kd1 f3 51. Bf1 Ra2 52.
Rc7 Be3 53. Rc3 Ra1+ 54. Kc2 Re1 55. Rd3 Rc1+ 56. Kb2 Rxf1 0-1

[Event "II Festival A"]
[Site "Virgilio ITA"]
[Date "2012.01.08"]
[Round "9"]
[White "Genocchio, Daniele"]
[Black "Lantini, Marco"]
[WhiteElo "2434"]
[BlackElo "2136"]
[Result "1-0"]
[PlyCount "115"]
[EventDate "2012.01.02"]

1. d4 d5 2. Nf3 Nf6 3. Bf4 c5 4. e3 Nc6 5. c3 Qb6 6. Qb3 c4 7. Qc2 Bf5 8. Qc1
Nh5 9. Bg5 h6 10. Bh4 e6 11. Be2 Be7 12. Bxe7 Nxe7 13. Nbd2 Nf6 14. b3 cxb3 15.
axb3 O-O 16. O-O Rfc8 17. Qa3 Qd8 18. c4 Bg4 19. h3 Bh5 20. Rfc1 Ne4 21. Bf1
Nxd2 22. Nxd2 Bg6 23. Qb2 a6 24. c5 f6 25. b4 Be8 26. g3 Bc6 27. Ra3 Qe8 28.
Rca1 Rab8 29. Nb1 Ng6 30. Nc3 e5 31. Qb3 Rd8 32. Bg2 Qf7 33. b5 axb5 34. Nxb5
Bxb5 35. Qxb5 exd4 36. exd4 Ne7 37. Qb2 Kh8 38. Rb3 Nc6 39. h4 f5 40. Rf3 Ra8
41. Rxa8 Rxa8 42. Bh3 g6 43. Rb3 Ra7 44. h5 gxh5 45. Rf3 Qg7 46. Rf4 Ra4 47.
Qe2 Rxd4 48. Rxf5 Re4 49. Qxh5 Ne5 50. Qe8+ Qg8 51. Qh5 Qg7 52. Qe8+ Qg8 53.
Qb5 Qg7 54. Qb6 d4 55. Qd8+ Kh7 56. Qd5 Re1+ 57. Kg2 Ng6 58. Rf7 1-0

[Event "II Festival A"]
[Site "Virgilio ITA"]
[Date "2012.01.08"]
[Round "9"]
[White "Gilevych, Artem"]
[Black "Paltrinieri, Nicholas"]
[WhiteElo "2279"]
[BlackElo "2109"]
[Result "0-1"]
[PlyCount "80"]
[EventDate "2012.01.02"]

1. d4 e6 2. Nf3 f5 3. g3 Nf6 4. Bg2 Be7 5. O-O O-O 6. c4 d6 7. b4 a5 8. bxa5
Ne4 9. Bb2 Bf6 10. Nbd2 Nc6 11. e3 Nxd2 12. Nxd2 e5 13. Nb3 Nxa5 14. Nxa5 Rxa5
15. Qb3 e4 16. a4 Kh8 17. Bc3 Ra8 18. Rfd1 Qe8 19. a5 g5 20. Re1 Qh5 21. d5 Kg8
22. Qb2 Be7 23. Bd4 Qg6 24. Ra3 h5 25. Rc1 h4 26. c5 f4 27. Rac3 hxg3 28. hxg3
Qh7 29. c6 bxc6 30. Rxc6 Bh3 31. Qb5 Bxg2 32. Kxg2 Rxa5 33. Qf1 fxg3 34. Qh1
Rxf2+ 35. Kxg3 Rf3+ 36. Kg2 Qxh1+ 37. Kxh1 Bd8 38. R6c2 Rh3+ 39. Rh2 Rxh2+ 40.
Kxh2 Rxd5 0-1

[Event "II Festival A"]
[Site "Virgilio ITA"]
[Date "2012.01.08"]
[Round "9"]
[White "Guido, Flavio"]
[Black "Capaliku, Aleks"]
[WhiteElo "2396"]
[BlackElo "2099"]
[Result "1-0"]
[PlyCount "101"]
[EventDate "2012.01.02"]

1. e4 e5 2. Nf3 Nc6 3. Bb5 a6 4. Ba4 f5 5. d4 exd4 6. e5 Bc5 7. O-O Nge7 8. c3
d3 9. Qxd3 d5 10. exd6 Qxd6 11. Qe2 Bd7 12. b4 Ba7 13. Bg5 h6 14. Bxc6 bxc6 15.
Bxe7 Qxe7 16. Qc4 O-O-O 17. Qxa6+ Kb8 18. Nbd2 Bc8 19. Qa4 Bb7 20. Nb3 c5 21.
Rfe1 Qd6 22. Nxc5 Bxc5 23. bxc5 Qxc5 24. Rab1 Rd6 25. Qb5 Qxb5 26. Rxb5 Rb6 27.
Rxf5 Rb2 28. a4 Rb3 29. Rb5 Rxb5 30. axb5 Bxf3 31. gxf3 Kb7 32. c4 Rf8 33. Kg2
Rf5 34. Re4 Rc5 35. f4 Kb6 36. Kf3 Ka5 37. Ke3 Kb4 38. Kd3 Rh5 39. Re7 Rc5 40.
Re4 Rh5 41. Re6 Rxh2 42. Rc6 Rxf2 43. Rxc7 Rxf4 44. b6 Rf8 45. b7 Rb8 46. c5
Kb5 47. c6 Kb6 48. Rc8 Ka7 49. Kd4 g5 50. Kc5 h5 51. Rxb8 1-0

[Event "II Festival A"]
[Site "Virgilio ITA"]
[Date "2012.01.08"]
[Round "9"]
[White "Rusev, Krasimir"]
[Black "Bontempi, Piero"]
[WhiteElo "2518"]
[BlackElo "2336"]
[Result "1-0"]
[PlyCount "59"]
[EventDate "2012.01.02"]

1. d4 d5 2. c4 e5 3. dxe5 d4 4. Nf3 Nc6 5. a3 Nge7 6. b4 Ng6 7. Bb2 Ncxe5 8.
Nxe5 Nxe5 9. Bxd4 Nxc4 10. e3 Be6 11. Qc2 Nd6 12. Bd3 Be7 13. O-O Bf6 14. Bxf6
Qxf6 15. Nc3 c6 16. Rad1 h6 17. f4 Rd8 18. e4 Nc4 19. e5 Qe7 20. Qc1 O-O 21.
Kh1 f5 22. exf6 Qxf6 23. Ne4 Qf7 24. Nc5 Nd6 25. Nxe6 Qxe6 26. Bb1 Qc4 27. Qe3
Nf5 28. Bxf5 Rxd1 29. Be6+ Kh8 30. Bxc4 1-0

[Event "II Festival A"]
[Site "Virgilio ITA"]
[Date "2012.01.08"]
[Round "9"]
[White "Sbarra, Marco"]
[Black "Mrdja, Milan"]
[WhiteElo "2288"]
[BlackElo "2389"]
[Result "1-0"]
[PlyCount "95"]
[EventDate "2012.01.02"]

1. d4 g6 2. c4 Nf6 3. Nc3 d5 4. Bf4 Bg7 5. e3 c6 6. Nf3 O-O 7. h3 Qa5 8. Rc1
Nbd7 9. Qb3 dxc4 10. Qxc4 Nd5 11. Bg3 N7b6 12. Qd3 Na4 13. Qd2 Ndxc3 14. bxc3
c5 15. Ne5 Nb6 16. d5 c4 17. e4 e6 18. Nxc4 Nxc4 19. Bxc4 exd5 20. Bxd5 Qa6 21.
c4 Be6 22. O-O Rad8 23. Rfe1 b6 24. c5 bxc5 25. Rxc5 Rfe8 26. Rd1 Bf8 27. Rc7
Re7 28. Rxe7 Bxe7 29. Qb2 Qa4 30. Qb3 Qxb3 31. axb3 Kf8 32. Bf4 f5 33. Bh6+ Kf7
34. Bxe6+ Kxe6 35. Rxd8 Bxd8 36. exf5+ gxf5 37. Be3 a6 38. g4 Ke5 39. f3 Kf6
40. Kf1 Kg6 41. Ke2 h5 42. Kd3 hxg4 43. fxg4 Bh4 44. Bf4 fxg4 45. hxg4 Kf6 46.
Kc4 Ke6 47. Kc5 Bf2+ 48. Kc6 1-0